Real Time UML : (Record no. 213165)
[ view plain ]
| 000 -LEADER | |
|---|---|
| fixed length control field | 00990 a2200205 4500 |
| 003 - CONTROL NUMBER IDENTIFIER | |
| control field | Nust |
| 005 - DATE AND TIME OF LATEST TRANSACTION | |
| control field | 20220812140922.0 |
| 020 ## - INTERNATIONAL STANDARD BOOK NUMBER | |
| International Standard Book Number | 812-97-0522-2 |
| 040 ## - CATALOGING SOURCE | |
| Transcribing agency | Nust |
| 082 ## - DEWEY DECIMAL CLASSIFICATION NUMBER | |
| Classification number | 005.133,DOU |
| 100 ## - MAIN ENTRY--PERSONAL NAME | |
| Personal name | Douglass, Bruce Powel |
| 9 (RLIN) | 56467 |
| 245 ## - TITLE STATEMENT | |
| Title | Real Time UML : |
| Remainder of title | Advances In The UML For Real-TIme System / |
| Statement of responsibility, etc. | Bruce Powel Douglass, |
| 250 ## - EDITION STATEMENT | |
| Edition statement | 3rd ed. |
| 260 ## - PUBLICATION, DISTRIBUTION, ETC. | |
| Place of publication, distribution, etc. | Pearson |
| Name of publisher, distributor, etc. | India |
| Date of publication, distribution, etc. | 2004 |
| 300 ## - PHYSICAL DESCRIPTION | |
| Extent | xlix, 694 p.: |
| 505 ## - FORMATTED CONTENTS NOTE | |
| Formatted contents note | Introduction to the World of RealTime (Page-1), Object Orientation with (Page-77), Object Orientation with UML 2 0 (Page-139),UML Profile for Schedulability Performance (Page-215), Requirements Analysis of RealTime Systems (Page-277), Analysis Object Domain Analysis (Page-331), Analysis Defining Object Behavior(Page-399), Architectural Design(Page-473),Mechanistic Design (Page-527),Special Topic C4ISR Architecture and the UML (Page-617). |
| 650 ## - SUBJECT ADDED ENTRY--TOPICAL TERM | |
| Topical term or geographic name entry element | Real Time UML |
| 9 (RLIN) | 97016 |
| 651 ## - SUBJECT ADDED ENTRY--GEOGRAPHIC NAME | |
| Geographic name | Covers UML 2.0 |
| 9 (RLIN) | 97017 |
| 942 ## - ADDED ENTRY ELEMENTS (KOHA) | |
| Koha item type | Book |
| Source of classification or shelving scheme | |
| Call number prefix | 005.133,DOU |
| Withdrawn status | Lost status | Source of classification or shelving scheme | Damaged status | Not for loan | Permanent Location | Current Location | Shelving location | Date acquired | Full call number | Barcode | Date last seen | Price effective from | Koha item type | Public note |
|---|---|---|---|---|---|---|---|---|---|---|---|---|---|---|
| Military College of Signals (MCS) | Military College of Signals (MCS) | General Stacks | 12/12/2016 | 005.133,DOU | MCS31134 | 12/08/2016 | 12/12/2016 | Book | Almirah No.4, Shelf No.4 |
